=LDR 00000nam 2200000 4500 =001 INLIS000000000041207 =005 20130612150744 =008 ***********************************ind** =035 ##$$0010-061300000041207 =041 ##$$a ind =082 ##$$a 813 =090 ##$$a 813, Kin p =100 ##$$a Kinasih, Putri Rindu =245 ##$$a Putri's diary, Virus dreamunus nekatisius/ Putri Rindu Kinasih =260 ##$$a 2011 $b Jakarta =300 ##$$a 142 hlm., 20 cm =650 ##$$a Fiksi =850 ##$$a NBPNMAT =990 ##$$a 0001/BPAP-NTB/20142014 =990 ##$$a 0001/BPAP-NTB/2016